Progresívne trendy v riadení - procesné riadenie

Princípy procesného riadenia. Model systému manažérstva kvality založený na procesnom prístupe. Metóda PQM (process quality management). Ciele a pracovné postupy metódy PQM.

Salvato in:
Dettagli Bibliografici
Autore principale: Hrašková, Dagmar
Natura: Capitolo di libro
Lingua:slovacco
Soggetti:
Tags: Aggiungi Tag
Nessun Tag, puoi essere il primo ad aggiungerne!!

MARC

LEADER 00000nla$a2200000$$$4500
001 0059696
005 20220330080854.7
041 0 |a slo 
044 |a SK 
245 1 0 |a Progresívne trendy v riadení - procesné riadenie  |c Dagmar Hrašková 
520 |a Princípy procesného riadenia. Model systému manažérstva kvality založený na procesnom prístupe. Metóda PQM (process quality management). Ciele a pracovné postupy metódy PQM. 
610 2 0 |a riadenie procesné 
610 2 0 |a manažerizmus 
610 2 0 |a ciele podnikové 
610 2 0 |a metódy riadenia 
610 2 0 |a stratégia podniková 
100 1 |a Hrašková, Dagmar